000 00429nam a2200181Ia 4500
001 17143
005 20260306170403.0
008 260306t2021||||xx |||||||||||||| ||und||
041 _aESP
082 _a657.48
_bA64
100 _aApaza Meza, Mario
_eAUT
245 0 _aFlujo de caja en tiempo de crisis
260 _c2021
300 _a126 páginas :
_c24 cm.
650 _aGEN
654 _aCCO
942 _cLIB
_dJUS
_fJUS
_2ddc
_n
999 _c17143
_d17143